000 00212 a2200097 4500
001 63110
090 _c37277
_d37277
100 _aWilton, R.
245 _aProgrammer's guide to PC Video systems
260 _bMicrosoft
_c1994
942 _aNUST-CAE
999 _c298183
_d298183